| 000 | 00761cam a2200253 a 4500 | ||
|---|---|---|---|
| 001 | 16207192 | ||
| 005 | 20180206040739.0 | ||
| 008 | 100428s2009 oncab b 001 0 eng | ||
| 010 | _a 2010291341 | ||
| 020 | _a0195431030 (paper) | ||
| 020 | _a9780195431032 (paper) | ||
| 040 |
_aDLC _cDLC _dDLC |
||
| 041 | _aeng | ||
| 043 | _an-cn--- | ||
| 080 | _a320.471 BRO | ||
| 082 | 0 | 0 |
_a320.471 BRO _222 |
| 100 | 1 | _a19 | |
| 101 | _aPOL | ||
| 245 | 1 | 0 |
_aCanadian democracy / _cStephen Brooks. |
| 504 | _aIncludes bibliographical references (p. [573]-587) and index. | ||
| 906 |
_a7 _bcbc _corigres _d2 _encip _f20 _gy-gencatlg |
||
| 942 |
_2ddc _cBK |
||
| 999 |
_c41875 _d41875 |
||